000
00288nam a2200109Ia 4500
008
190216s9999||||xx |||||||||||||| ||und||
100
_a
Harbans Singh &earl N Moore
245
0
_a
Live Stock And Poultry Production
260
_b
Prentice Hall India
_c
1968
650
_a
Botany
942
_c
BK
999
_c
1031
_d
1031